header

MCITP Windows Server 2008 Enterprise administrator study guide (exam 70-647) (Record no. 20847)

MARC details
000 -LEADER
fixed length control field 01212nam a2200301Ia 4500
082 04 - DEWEY DECIMAL CLASSIFICATION NUMBER
Classification number 005.4/476
100 1# - MAIN ENTRY--AUTHOR NAME
Personal name Johnson, Steven,
245 10 - TITLE STATEMENT
Title MCITP Windows Server 2008 Enterprise administrator study guide (exam 70-647)
260 ## - PUBLICATION, DISTRIBUTION, ETC. (IMPRINT)
Place of publication Indianapolis, Ind. :
Name of publisher Wiley Pub.,
Year of publication 2008.
300 ## - PHYSICAL DESCRIPTION
Number of Pages xliii, 407 p.
650 #0 - SUBJECT ADDED ENTRY--TOPICAL TERM
Topical Term Electronic data processing personnel
Topical Term Microsoft software
856 40 - ELECTRONIC LOCATION AND ACCESS
Uniform Resource Identifier http://site.ebrary.com/lib/rucke/Doc?id=10275728

No items available.

© 2026 Rongo University
Contact us: librarian | system librarian | Rongo university